| 000 | 00460 a2200157 4500 | ||
|---|---|---|---|
| 999 |
_c320866 _d320866 |
||
| 001 | 85793 | ||
| 003 | NUST | ||
| 005 | 20180119203813.0 | ||
| 008 | 180119b xxu||||| |||| 00| 0 eng d | ||
| 020 | _a9780471145707 | ||
| 082 | _a363.2092 JEF | ||
| 100 |
_aH.Paul Jeffers _99183 |
||
| 245 |
_aCommissioner Roosevelt : The Story of Theodore Roosevelt and the New York City Police 1895-1897 _henglish |
||
| 250 | _a1st | ||
| 260 |
_aNew york _bJohn Wiley _c1994 |
||
| 300 | _axii 285p. | ||
| 500 | _aGifted By AM Masood Akhtar | ||
| 942 |
_aCAENUST _cBK _k363.2092 JEF _2ddc |
||